Runas: el oráculo secreto de la vida
Na minha lista:
| Autor principal: | |
|---|---|
| Formato: | Livro |
| Idioma: | espanhol |
| Publicado em: |
Barcelona
Océano
2008
|
| Colecção: | Ambar
|
| Assuntos: | |
| Tags: |
Adicionar Tag
Sem tags, seja o primeiro a adicionar uma tag!
|
MARC
| LEADER | 00000cam a2200000 a 4500 | ||
|---|---|---|---|
| 001 | UCF1870 | ||
| 003 | CL-VaPUC | ||
| 005 | 20210908112154.0 | ||
| 008 | 120727e20080000SP |||||||||||||||||spa|d | ||
| 999 | |c 348558 |d 348556 | ||
| 020 | |a 9788475565132 | ||
| 040 | |c Pontificia Universidad Católica de Valparaíso | ||
| 082 | 0 | 4 | |a 133.33 BIO 2008 |2 21 |
| 100 | 0 | |a Bioque, Bartolomé |9 563393 | |
| 245 | 1 | 0 | |a Runas: el oráculo secreto de la vida |
| 260 | |a Barcelona |b Océano |c 2008 | ||
| 300 | |a 239 páginas | ||
| 490 | 0 | |a Ambar | |
| 505 | |a Incluye cartola explicativa de tiradas y baraja de 26 cartas | ||
| 583 | |a last modification |c 20120727 13:37:00 |k Rodrigo Vera | ||
| 650 | 0 | |a Adivinación |9 318474 | |
| 650 | 7 | |a RUNAS |2 CL-VaPUC |9 563394 | |
| 942 | |c BK |2 ddc | ||
| 945 | |d 20120727 00:00:00 |a dcastane | ||
| 952 | |0 0 |1 0 |2 ddc |4 0 |6 133_330000000000000_BIO_2008 |7 0 |8 A |9 450616 |a BIBING |b BIBING |d 2019-11-22 |i 4873378 |l 1 |o 133.33 BIO 2008 |p 4873378 |r 2024-01-25 |s 2023-03-28 |t 1 |w 2019-11-22 |y BK |k CUI | ||